000 00833nam a2200301 i 4500
001 C2-0317891
003 PPAK
005 20180728113932.0
008 121003s2010 my a|||| ||||| | may d
020 _a9789675370076
040 _aPPAK
_beng
_cPPAK
_erda
082 0 4 _a297.61
_223
090 0 0 _a297.61
_bHAR
_dG
100 0 _aHarun Arrasyid Hj. Tuskan,
_eauthor
245 1 0 _aTeman bidadari
264 1 _aKuala Lumpur :
_bYamani Angle ,
_c2010
300 _axiii, 304 pages :
_billustrations ;
_c23 cm.
336 _2rdacontent
_atext
337 _2rdamedia
_aunmediated
338 _2rdacarrier
_avolume
490 1 _aSiri 100 pahlawan syurga
500 _aJilid 3
650 1 0 _aScholars, Muslim.
700 _eauthor
700 0 _aIdrus Jamhari,
_eeditor
830 0 _aSiri 100 pahlawan syurga
942 _ddc
_cB
999 _c118879
_d118879